Dios se llama forastero / (Record no. 69793)

MARC details
000 -LEADER
campo de control de longitud fija 00592nam a2200193 i 4500
001 - NÚMERO DE CONTROL
campo de control 69793
003 - IDENTIFICADOR DE NÚMERO DE CONTROL
campo de control ES-MaACL
005 - FECHA Y HORA DE LA ÚLTIMA TRANSACCIÓN
campo de control 20230906170623.0
007 - CAMPO FIJO DE DESCRIPCIÓN FÍSICA--INFORMACIÓN GENERAL
campo de control de longitud fija t|
008 - DATOS DE LONGITUD FIJA--INFORMACIÓN GENERAL
campo de control de longitud fija 040712s1964 sp ||||1| spa d
100 1# - ENTRADA PRINCIPAL--NOMBRE DE PERSONA
Nombre de persona García Hernández, Vicente.
9 (RLIN) 54762
245 10 - MENCIÓN DEL TÍTULO
Título Dios se llama forastero /
Mención de responsabilidad, etc. Vicente García Hernández.
260 ## - PUBLICACIÓN, DISTRIBUCIÓN, ETC.
Lugar de publicación, distribución, etc. Murcia :
Nombre del editor, distribuidor, etc. Diputación Provincial de Murcia,
Fecha de publicación, distribución, etc. [1964]
300 ## - DESCRIPCIÓN FÍSICA
Extensión 74 p., 2 lám. ;
Dimensiones 21 cm.
490 1# - MENCIÓN DE SERIE
Mención de serie Serie "Varia Literatura"
830 0# - PUNTO DE ACCESO ADICIONAL DE SERIE-TÍTULO UNIFORME
Título uniforme Serie "Varia Literatura"
9 (RLIN) 231014
852 ## - LOCALIZACIÓN
Ubicación ES-MaACL
Número de control de estantería C-26016
Sublocalización o colección R.54452
Holdings
Estatus retirado Estado de pérdida Estado de daño No para préstamo Biblioteca de origen Biblioteca actual Ubicación en estantería Fecha de adquisición Fuente de adquisición Total de préstamos Signatura topográfica completa Código de barras Visto por última vez Precio de reemplazo Tipo de ítem Koha
        Biblioteca del Ateneo de Madrid Biblioteca del Ateneo de Madrid Depósito 2 17/01/2008     C-26016 1073083 23/02/2023 23/02/2023 Libro impreso